000 00445naa a2200157 a 4500
001 1773
003 CDMR
005 20130528160411.0
008 130130s ||||||||||||r|||||||||||||||d
040 _aCDMR
_bcat
_cCDMR
100 1 _aCoromina i Pou, Eusebi
_9626
245 1 0 _aJuan Mañé y Flaquer
_b: biografía
600 1 4 _aMañé i Flaquer, Juan
_91331
_vBiografia
773 0 _tAnuario de la Prensa Diaria
_gAño I, 1923, p.47-69
942 _cCAP
_2udc
999 _c1773
_d1773